000 00332nam a22001337a 4500
020 _a 978-8123903019
041 _aENG
100 _aChandra.R
245 _aRubber & Piastic Waste Recycling Reuse And Future Demand
260 _aIndia
_bCBS Pub
_c1999
300 _a172
650 _aCompetitive Exam
856 _uCompetitive Exam
999 _c683
_d683